[Event "15th TCh-CRO"]
[Site "Sibenik CRO"]
[Date "2006.09.26"]
[Round "5"]
[White "Bosiocic,Mari"]
[Black "Glavas,D"]
[Result "0-1"]
[WhiteElo "2433"]
[BlackElo "2337"]

1.e4 e6 2.d4 d5 3.Nc3 Bb4 4.e5 Ne7 5.a3 Bxc3+ 6.bxc3 c5 7.Nf3 Nbc6 8.Bd3 Qa5
9.Bd2 Bd7 10.O-O c4 11.Be2 f6 12.exf6 gxf6 13.Nh4 O-O-O 14.f4 Kb8 15.f5 exf5
16.g3 Ka8 17.Qe1 Rde8 18.Bh5 Ng6 19.Qf2 f4 20.g4 Reg8 21.Ng2 f5 22.g5 h6
23.Bxg6 hxg5 24.Bf7 Rg7 25.Bxd5 Qxd5 26.Qf3 Qxf3 27.Rxf3 Be6 28.Rf2 Bd5 29.Re1 a6
30.Ref1 Be4 31.Ne1 Ne7 32.Re2 Nd5 33.Nf3 g4 34.Ne5 f3  0-1

[Event "Bygger'n Masters"]
[Site "Gausdal NOR"]
[Date "2006.10.02"]
[Round "9"]
[White "Kulaots,K"]
[Black "Akesson,R"]
[Result "0-1"]
[WhiteElo "2550"]
[BlackElo "2449"]

1.e4 e6 2.d4 d5 3.Nc3 Bb4 4.e5 b6 5.a3 Bf8 6.Bb5+ c6 7.Ba4 Bd7 8.Bb3 Ne7
9.Nce2 c5 10.c3 Bb5 11.Nf3 Nbc6 12.O-O Nf5 13.Re1 Be7 14.g3 Rc8 15.Bc2 g6
16.h4 h6 17.Nf4 cxd4 18.Bxf5 gxf5 19.cxd4 Rg8 20.Kh2 Kd7 21.Nh5 Kc7 22.Bf4 Kb7
23.b4 Bc4 24.Qd2 Rg6 25.Be3 a5 26.bxa5 Nxa5 27.Rab1 Ka7 28.Nf4 Rg4 29.Qb2 Ba6
30.Bc1 Rc4 31.Rd1 Qc7 32.Ne1 Rc3 33.a4 Rb3 34.Qa2 Qc4 35.Be3 Rxe3 36.Qxc4 Nxc4
37.fxe3 Nxe3 38.Rdc1 Nf1+ 39.Kg2 Rxg3+ 40.Kf2 Bxh4 41.Nf3 Rg4+ 42.Nxh4 Rxf4+
43.Nf3 Nd2 44.Ke3 Rxf3+ 45.Kxd2 Bc4 46.Rg1 Rd3+ 47.Kc1 Rxd4 48.Rg7 Re4 49.Rxf7+ Ka6
50.Kd2 Rxe5 51.Rd7 f4 52.Rd6 Re2+ 53.Kd1 Rg2 54.Rbxb6+ Ka5 55.Rb8 f3 56.Rd7 f2  0-1

[Event "56th TCh-BUL w"]
[Site "Sunny Beach BUL"]
[Date "2006.10.06"]
[Round "2"]
[White "Velcheva,M"]
[Black "Voiska,M"]
[Result "1/2-1/2"]
[WhiteElo "2295"]
[BlackElo "2301"]

1.e4 e6 2.d4 d5 3.Nc3 Bb4 4.e5 Qd7 5.Nf3 b6 6.Be2 Ba6 7.O-O Bxc3 8.bxc3 Bxe2
9.Qxe2 Ne7 10.a4 Nbc6 11.Ba3  1/2-1/2

[Event "WJun"]
[Site "Yerevan ARM"]
[Date "2006.10.07"]
[Round "5"]
[White "Pile,R"]
[Black "Sengupta,D"]
[Result "0-1"]
[WhiteElo "2290"]
[BlackElo "2420"]

1.e4 e6 2.d4 d5 3.Nc3 Bb4 4.e5 Ne7 5.a3 Bxc3+ 6.bxc3 c5 7.Qg4 Qc7 8.Qxg7 Rg8
9.Qxh7 cxd4 10.Ne2 Nbc6 11.f4 Bd7 12.Qd3 dxc3 13.Nxc3 a6 14.Ne2 Rc8 15.Bd2 Nf5
16.Rb1 Na5 17.Ng3 Nc4 18.Nh5 Rh8 19.g4 Nh4 20.Be2 Bb5 21.Qc3 Nxd2 22.Qxd2 Qc5
23.Bxb5+ axb5 24.Rb3 Qc4 25.Qe2 Kd7 26.Qxc4 Rxc4 27.Rh3 Ng6 28.f5 exf5 29.gxf5 Nh4
30.Nf6+ Kc6 31.O-O Rh6 32.Rf2 Nxf5 33.Rd3 Rg6+ 34.Kf1 Nd4 35.c3 Ne6 36.Nxd5 Rg7
37.Nb4+ Kc7 38.Rdf3 Nd8 39.Ke2 Rg5 40.Re3 Rc5 41.e6 fxe6 42.Kd3 Rh5 43.Nc2 e5
44.Nb4 Ne6 45.Kc2 Nd4+ 46.Kb2 Nf5 47.Ree2 Nd6 48.Rf3 e4 49.Rg3 Rh7 50.Reg2 Rch5
51.Rg7+ Rxg7 52.Rxg7+ Kb6 53.Rg2 Kc5 54.Kb3 Nc4 55.Nc2 Na5+ 56.Kb2 Nc4+ 57.Kb3 e3
58.Nd4 Kd5 59.Kc2 Ne5 60.Nxb5 Nf3 61.Re2 Ke4 62.Nd6+ Kf4 63.Nc4 Rc5 64.Kb3 Ne5
65.Nxe3 Kf3 66.Re1 Nd3 67.Nc2 Nxe1 68.Nxe1+ Ke2 69.Nc2 Kd2 70.c4 b5 71.cxb5 Rxc2
72.Kb4 Kd3 73.b6 Kd4 74.Kb5 Kd5 75.a4 Rb2+ 76.Ka6 Kc6 77.a5 Rxh2 78.Ka7 Rb2
79.Ka8 Rb5 80.b7 Rxb7  0-1

[Event "Open"]
[Site "Winterthur SUI"]
[Date "2006.10.10"]
[Round "5"]
[White "Blaeser,S"]
[Black "Bigg,A"]
[Result "1-0"]
[WhiteElo "2075"]
[BlackElo "2248"]

1.e4 e6 2.d4 d5 3.Nc3 Bb4 4.e5 Ne7 5.a3 Bxc3+ 6.bxc3 c5 7.Qg4 O-O 8.Bd3 f5
9.exf6 Rxf6 10.Bg5 Rf7 11.Qh5 g6 12.Qd1 Nbc6 13.Nf3 c4 14.Be2 Qf8 15.O-O h6
16.Bc1 Qg7 17.Re1 Bd7 18.a4 g5 19.h3 Kh7 20.Bf1 Rg8 21.Nxg5+  1-0

[Event "WJun"]
[Site "Yerevan ARM"]
[Date "2006.10.12"]
[Round "9"]
[White "Hambartsumian,Y"]
[Black "Sengupta,D"]
[Result "0-1"]
[WhiteElo "2305"]
[BlackElo "2420"]

1.e4 e6 2.d4 d5 3.Nc3 Bb4 4.e5 Qd7 5.a3 Bxc3+ 6.bxc3 b6 7.Qg4 f5 8.Qg3 Ba6
9.Bxa6 Nxa6 10.Ne2 Nb8 11.c4 dxc4 12.d5 Ne7 13.Qxg7 Ng6 14.Qxd7+ Nxd7 15.dxe6 Nc5
16.Nd4 f4 17.h4 h5 18.Nc6 Nxe6 19.Bb2 Ne7 20.Nxe7 Kxe7 21.Ke2 Rad8 22.Rhd1 Rhg8
23.Rxd8 Nxd8 24.Kf3 Rg4 25.Rh1 Ne6 26.a4 a6 27.Ba3+ c5 28.c3 b5 29.axb5 axb5
30.Rd1 b4 31.Bb2 Rxh4 32.Ke4 Rg4 33.Kd5 Rxg2 34.cxb4 cxb4 35.Kxc4 Rxf2 36.Bc1 h4
37.Bd2 h3 38.Bxb4+ Kf7 39.Kd5 h2 40.Ke4 Kg6 41.Rh1 Ng5+ 42.Kd3 Kf5 43.Bc5 Rg2
44.Bd4 Nf3 45.Bb6 Nxe5+  0-1

[Event "IRT5"]
[Site "Sao Paulo BRA"]
[Date "2006.10.13"]
[Round "3"]
[White "Matsuura,E"]
[Black "Prates,F"]
[Result "0-1"]
[WhiteElo "2460"]
[BlackElo "2293"]

1.e4 e6 2.d4 d5 3.Nc3 Bb4 4.e5 Qd7 5.Bd2 b6 6.Bb5 c6 7.Ba4 a5 8.a3 Bf8 9.Nce2 Ba6
10.c3 Bb5 11.Bc2 c5 12.Nf3 Nc6 13.O-O a4 14.Re1 Na5 15.Nf4 Be7 16.h4 h5 17.Ng5 Bxg5
18.hxg5 g6 19.dxc5 bxc5 20.Be3 Rc8 21.Nd3 Bxd3 22.Bxd3 Nb3 23.Bc2 c4 24.Rb1 Ne7
25.Qf3 Nf5 26.Bf4 Kf8 27.g3 Kg7 28.Rbd1 Rb8 29.Kg2 Nc5 30.Bc1 Nb3 31.Bf4 Nc5
32.Rh1 Rxb2 33.Bxf5 exf5 34.Rxd5 Qc6 35.e6 Rxf2+ 36.Kxf2 Ne4+ 37.Qxe4 fxe4
38.Be5+ Kh7 39.Rhd1 Qxe6 40.Bf6 e3+ 41.Ke2 Re8 42.R1d4 Qh3 43.Re5 Qg2+ 44.Kxe3 Qxg3+
45.Ke4 Rxe5+ 46.Bxe5 Qxg5 47.Rxc4 Qf5+ 48.Kd4 Qd7+ 49.Ke4 g5 50.Rc7 Qe6 51.Kd4 Kg6
52.Rc5 f6 53.Bc7 Qb3 54.Rc6 Qxa3 55.c4 Qb2+ 56.Kc5 a3  0-1

[Event "Open"]
[Site "Winterthur SUI"]
[Date "2006.10.14"]
[Round "9"]
[White "Lehmann,A"]
[Black "Huss,A"]
[Result "0-1"]
[WhiteElo "2181"]
[BlackElo "2338"]

1.e4 e6 2.d4 d5 3.Nc3 Bb4 4.e5 Qd7 5.a3 Bxc3+ 6.bxc3 b6 7.Qg4 f5 8.Qg3 Ba6
9.Bxa6 Nxa6 10.Ne2 c5 11.a4 Rc8 12.Qd3 Nb8 13.a5 b5 14.Ba3 cxd4 15.cxd4 Rc4
16.Bd6 Na6 17.O-O Ne7 18.Rab1 Nc6 19.c3 Kf7 20.Qf3 h5 21.h4 b4 22.cxb4 Naxb4
23.Rfc1 Nc2 24.Qd3 N2b4 25.Qd2 Rxc1+ 26.Nxc1 Na6 27.Qd3 Qc8 28.Rb5 Nxd4 29.Qxd4 Qxc1+
30.Kh2 Rc8 31.Qe3 Qc6 32.Qxa7+ Kg6 33.Rb7 Rg8 34.Re7 Qc4 35.Rxe6+ Kh7 36.g3 f4
37.g4 Qe2 38.gxh5 Qg4 39.Qe7 f3 40.Rg6 Qxh5 41.Qg5  0-1

[Event "I Patrimonio de la Humanidad Open"]
[Site "Alcala de Henares ESP"]
[Date "2006.10.15"]
[Round "9"]
[White "Moradiabadi,E"]
[Black "Gonzalez Rodriguez,JA"]
[Result "1-0"]
[WhiteElo "2539"]
[BlackElo "2431"]

1.e4 e6 2.d4 d5 3.Nc3 Bb4 4.e5 b6 5.Qg4 Bf8 6.Bg5 Qd7 7.Bb5 c6 8.Ba4 a5 9.a3 Ba6
10.Nge2 Bc4 11.O-O b5 12.Bb3 c5 13.Bxc4 bxc4 14.dxc5 Bxc5 15.Bf6 Nxf6 16.Qxg7 Rg8
17.exf6 Rf8 18.b3 Qc6 19.bxc4 dxc4 20.Qxh7 Nd7 21.Qe4 Rc8 22.Qxc6 Rxc6 23.Ne4 e5
24.Nxc5 Nxc5 25.Rab1 Kd7 26.Rb5 Ke6 27.Nc3 Rd8 28.f4 Rd4 29.fxe5 Ne4 30.Nxe4 Rxe4
31.Rb7  1-0

[Event "WJun"]
[Site "Yerevan ARM"]
[Date "2006.10.16"]
[Round "13"]
[White "Li Chao2"]
[Black "Sengupta,D"]
[Result "1-0"]
[WhiteElo "2508"]
[BlackElo "2420"]

1.e4 e6 2.d4 d5 3.Nc3 Bb4 4.e5 Ne7 5.a3 Bxc3+ 6.bxc3 b6 7.Qg4 Ng6 8.h4 h5
9.Qg3 Ba6 10.Bxa6 Nxa6 11.Ne2 Qd7 12.a4 Nb8 13.O-O Nc6 14.Bg5 Nce7 15.Qf3 Nf5
16.g3 Qc6 17.a5 b5 18.a6 Rb8 19.Rfb1 Rb6 20.Ra5 Rxa6 21.Rbxb5 Rxa5 22.Rxa5 Qb6
23.Ra3 Qb1+ 24.Nc1 f6 25.exf6 gxf6 26.Bd2 Qxc2 27.Ra2 Qb1 28.Rxa7 Kd7 29.Kh2 Qb6
30.Ra2 c5 31.Nd3 cxd4 32.Ra6 Qc7 33.cxd4 Ngxh4 34.Qd1 Nf3+ 35.Qxf3 Ke7 36.Bb4+ Kf7
37.Bc5 Qc8 38.Ra7+ Kg6 39.Nf4+ Kg5 40.Qe2 e5 41.dxe5 h4 42.Nh3+ Kg6 43.Qg4+ Kh6
44.Be3+ Nxe3 45.Qg7+  1-0

[Event "ch-Nassau"]
[Site "Mineola USA"]
[Date "2006.10.23"]
[Round "2"]
[White "Tamarkin,L"]
[Black "Luchan,J"]
[Result "1-0"]
[WhiteElo "2151"]
[BlackElo "2123"]

1.e4 e6 2.d4 d5 3.Nc3 Bb4 4.e5 b6 5.Bd2 Qd7 6.Nb5 Bf8 7.a4 Nc6 8.c3 Nge7
9.Ne2 Bb7 10.Ng3 Nf5 11.Nxf5 exf5 12.Bd3 Be7 13.Qf3 g6 14.Bh6 a6 15.Na3 Nd8
16.Nc2 Ne6 17.h4 Bf8 18.Bxf8 Rxf8 19.h5 c5 20.Qe3 O-O-O 21.Kd2 c4 22.Be2 Qe7
23.f4 f6 24.g4 fxe5 25.Qxe5 Qf6 26.gxf5 Qxf5 27.hxg6 hxg6 28.Ne3 Qf7 29.Bg4 Rfe8
30.f5 gxf5 31.Nxf5 Qc7 32.Ng7 Qxe5 33.dxe5 Kd7 34.Nxe8 Rxe8 35.Rh7+ Re7 36.Rah1 Bc6
37.Bxe6+ Kxe6 38.R1h6+ Kd7 39.Rxe7+  1-0

[Event "WYB14"]
[Site "Batumi GEO"]
[Date "2006.10.25"]
[Round "7"]
[White "Zhao Nan"]
[Black "Janiashvili,I"]
[Result "1-0"]
[WhiteElo "2255"]
[BlackElo "1996"]

1.e4 e6 2.d4 d5 3.Nc3 Bb4 4.e5 Qd7 5.a3 Bf8 6.f4 b6 7.Nf3 Ba6 8.Bxa6 Nxa6
9.O-O Ne7 10.Be3 Nf5 11.Bf2 h5 12.Qd3 Nb8 13.Ne2 Be7 14.Ng3 Nxg3 15.Bxg3 Nc6
16.Kh1 O-O-O 17.b4 Rdg8 18.Be1 Kb7 19.b5 Nb8 20.Ng5 Bd8 21.c4 f6 22.Nf3 dxc4
23.Qxc4 c6 24.a4 Be7 25.Bb4 Rc8 26.Bxe7 Qxe7 27.a5 cxb5 28.Qxb5 Qd7 29.Qb3 b5
30.f5 Qd5 31.Nd2 a6 32.exf6 gxf6 33.fxe6 Qxd4 34.Qf3+ Ka7 35.Nb3 Qc3 36.Qxf6 Qxf6
37.Rxf6 Rhe8 38.Nd4 Nc6 39.Nf5 Rc7 40.Rc1 Kb8 41.h3 Nxa5 42.Rxc7 Kxc7 43.Rf7+ Kc6
44.Ng7 Rd8 45.e7 Rd1+ 46.Kh2 Re1 47.e8=Q+ Rxe8 48.Nxe8 b4 49.g4 hxg4 50.hxg4 b3
51.g5 Nc4 52.g6 Ne3 53.Rc7+ Kd5 54.g7 Ng4+ 55.Kg3 Nh6 56.Rc3 b2 57.Rb3 Kc4
58.Rxb2 a5 59.Kf4 Ng8 60.Nd6+ Kc3 61.Rb8  1-0

[Event "14th Chigorin Mem"]
[Site "St-Petersburg RUS"]
[Date "2006.10.27"]
[Round "6"]
[White "Shaposhnikov,E"]
[Black "Mihajlovskij,S"]
[Result "1-0"]
[WhiteElo "2558"]
[BlackElo "2446"]

1.e4 e6 2.d4 d5 3.Nc3 Bb4 4.e5 Qd7 5.a3 Bxc3+ 6.bxc3 b6 7.Qg4 f5 8.Qg3 Ba6
9.Bxa6 Nxa6 10.Ne2 Qf7 11.c4 c6 12.a4 Ne7 13.Ba3 O-O 14.O-O Rfc8 15.Qd3 Nc7
16.Bd6 dxc4 17.Qxc4 Ncd5 18.Qd3 b5 19.Rfb1 a6 20.c4 bxc4 21.Qxc4 f4 22.Rb7 f3
23.gxf3 Qg6+ 24.Kh1 Nf5 25.Rg1 Qh5 26.Qd3 Qh4 27.Ng3 Nxd6 28.Rxg7+ Kh8 29.exd6 Rf8
30.Qe4 Nf4 31.Qe5  1-0

[Event "Open"]
[Site "Santo Domingo DOM"]
[Date "2006.11.03"]
[Round "6"]
[White "Perez,Me"]
[Black "Jaquez,J"]
[Result "0-1"]
[WhiteElo "2035"]
[BlackElo "2195"]

1.e4 e6 2.d4 d5 3.Nc3 Bb4 4.e5 Ne7 5.Bd2 c5 6.Nb5 Bxd2+ 7.Qxd2 O-O 8.f4 cxd4
9.Nf3 Nbc6 10.Bd3 f6 11.O-O Bd7 12.Kh1 a6 13.Nd6 Qb6 14.c3 dxc3 15.bxc3 Qc7
16.Rab1 Rab8 17.Qc2 g6 18.Qe2 b5 19.Nd4 Nxd4 20.cxd4 Nc6 21.Qe3 Qb6 22.f5 exf5
23.Qh6 Nxe5 24.Nxf5 Bxf5 25.Bxf5 Qxd4 26.Rbd1 Qb6 27.Bh3 Rbd8 28.Rf4 Qe3
29.Be6+ Kh8 30.h3 Nf7 31.Bxf7 Rxf7 32.Qh4 g5 33.Qh5 Kg7 34.Rfd4 Re7 35.Qg4 Qf2
36.a4 Re1+ 37.Rxe1 Qxe1+ 38.Kh2 h5 39.Qg3 Qe5 40.axb5 axb5 41.Rb4 d4 42.Qxe5 fxe5
43.Rxb5 d3 44.Rb1 e4 45.Kg3 d2 46.Rd1 e3 47.Kf3 Rd3 48.Ke2 Rc3 49.Ra1 Rc1
50.Ra7+ Kf6  0-1

[Event "VII Rapid"]
[Site "El Sauzal ESP"]
[Date "2006.11.04"]
[Round "4"]
[White "Spraggett,K"]
[Black "Gonzalez Rodriguez,JA"]
[Result "1-0"]
[WhiteElo "2610"]
[BlackElo "2431"]

1.e4 e6 2.d4 d5 3.Nc3 Bb4 4.e5 b6 5.Qg4 Bf8 6.Nf3 Qd7 7.Be2 Ba6 8.O-O Ne7
9.Rd1 Nf5 10.Bxa6 Nxa6 11.Ne2 c6 12.Qh3 O-O-O 13.c3 Nc7 14.a4 Kb8 15.b4 h6
16.Ne1 g6 17.Nd3 Be7 18.Qf3 h5 19.Ng3 Ka8 20.Bd2 Rc8 21.Rab1 Rb8 22.Qe2 Rb7
23.Be1 h4 24.Nf1 Rc8 25.h3 Ne8 26.Nd2 c5 27.dxc5 bxc5 28.b5 c4 29.Nb4 Bxb4
30.Rxb4 Nc7 31.Nf3 a5 32.Rbb1 d4 33.cxd4 Nd5 34.Bxa5 c3 35.b6 c2 36.Rbc1 Nxb6
37.Qa6+ Kb8 38.Bxb6 Qd5  1-0

[Event "Open"]
[Site "Santo Domingo DOM"]
[Date "2006.11.05"]
[Round "8"]
[White "Puntier,W"]
[Black "Jaquez,J"]
[Result "1/2-1/2"]
[WhiteElo "2337"]
[BlackElo "2195"]

1.e4 e6 2.d4 d5 3.Nc3 Bb4 4.e5 Ne7 5.Bd2 b6 6.Bb5+ c6 7.Ba4 a5 8.a3 Bxc3
9.Bxc3 O-O 10.Ne2 Ba6 11.Bb3 Nd7 12.O-O Nf5 13.Re1 c5 14.Ng3 Nxg3 15.hxg3 Qc7
16.Ba2 Rfc8 17.Rc1 Nb8 18.Qg4 Nc6 19.Bb1 Rab8 20.Rcd1 b5 21.dxc5 b4 22.axb4 axb4
23.Bd2 Nxe5 24.Qh5 Ng6 25.c3 Qxc5 26.cxb4 Qc6 27.Bc3 Re8 28.Rd4 f5 29.Rd2 e5
30.b5 Rxb5 31.Bxf5 d4 32.Rdd1 Bb7 33.Be4 Qd7 34.Bxb7 Rxb7 35.b4 Qc6 36.Bd2 e4
37.Rc1 Qd6 38.Rc5 e3 39.fxe3 dxe3 40.Rxe3 Rxe3 41.Bxe3 Rb8 42.Qd5+ Qxd5 43.Rxd5 Rxb4
44.Bd4 Rb7 45.Ra5 Ne7 46.Ra7 Rxa7 47.Bxa7  1/2-1/2

[Event "Petersburg Autumn"]
[Site "St Petersburg RUS"]
[Date "2006.11.05"]
[Round "6"]
[White "Kuzmin,Yuriy"]
[Black "Klobukov,S"]
[Result "1-0"]
[WhiteElo "2126"]
[BlackElo "1988"]

1.e4 e6 2.d4 d5 3.Nc3 Bb4 4.e5 b6 5.Qg4 Bf8 6.h4 Qd7 7.Nh3 Ba6 8.Bxa6 Nxa6
9.a3 c5 10.dxc5 bxc5 11.O-O Ne7 12.Rd1 Nc7 13.b4 h5 14.Qf4 Nf5 15.Ng5 d4
16.bxc5 Bxc5 17.Nce4 Be7 18.g3 Rf8 19.Qf3 Rh8 20.Nh3 f6 21.exf6 gxf6 22.Nf4 Kf7
23.c3 e5 24.Ng2 Rag8 25.Bb2 Rg4 26.cxd4 exd4 27.Rac1 Nb5 28.a4 Nbd6 29.Nc5 Qe8
30.Qd5+ Kg7 31.Ne6+ Kh7 32.Nxd4 Qg6 33.Nxf5 Nxf5 34.Rc7 Rg8 35.Ba3 Rg7 36.Bxe7 Nxe7
37.Qb7 Nf5 38.Qxa7 Kh6 39.Rxg7 Nxg7 40.Qe3+ Kh7 41.Nf4 Qc2 42.Qd3+ Qxd3 43.Rxd3 Nf5
44.Rd5 Nxh4 45.Rxh5+ Kg7 46.Rxh4  1-0

[Event "10th OIBM"]
[Site "Bad Wiessee GER"]
[Date "2006.11.11"]
[Round "8"]
[White "Zunker,R"]
[Black "Oehrlein,A"]
[Result "1/2-1/2"]
[WhiteElo "2244"]
[BlackElo "2126"]

1.e4 e6 2.d4 d5 3.Nc3 Bb4 4.e5 b6 5.Qg4 Bf8 6.h4 h5 7.Qf3 Qd7 8.Nge2 Nc6
9.Be3 Ba6 10.g3 O-O-O 11.Bh3 Kb8 12.Nf4 Bb7 13.Nd3 Nxd4 14.Bxd4 c5 15.Ne2 cxd4
16.Nxd4 Bc5 17.Qe3 Bxd4 18.Qxd4 Rc8 19.O-O Rxc2 20.Rac1 Rxc1 21.Rxc1 Ne7
22.Qf4 Nc6 23.Nb4 Rc8 24.Bf1 Qe7 25.Nxc6+ Rxc6 26.Rxc6 Bxc6 27.b4 Kb7 28.Be2 g6
29.Qd4 a6 30.f4 Ba4 31.Qc3 a5 32.a3 axb4 33.axb4 b5 34.Kf2 Qc7 35.Qxc7+ Kxc7
36.Ke3 Kc6 37.Kd4  1/2-1/2

[Event "10th OIBM"]
[Site "Bad Wiessee GER"]
[Date "2006.11.12"]
[Round "9"]
[White "Al Sayed,Mohamad"]
[Black "Waldschmidt,G"]
[Result "1-0"]
[WhiteElo "2486"]
[BlackElo "2198"]

1.e4 e6 2.d4 d5 3.Nc3 Bb4 4.e5 Ne7 5.Qg4 O-O 6.Bd3 c5 7.Nf3 f5 8.exf6 Rxf6
9.Bg5 e5 10.Bxh7+ Kxh7 11.Qh4+ Rh6 12.Bxh6 gxh6 13.Nxe5 Nbc6 14.Nxc6 Nxc6
15.Qxd8 Nxd8 16.dxc5 d4 17.O-O-O Bxc5 18.Ne4 Bb6 19.Nf6+ Kg6 20.Nd5 Nc6 21.Rhe1 Bf5
22.h3 h5 23.g4 hxg4 24.hxg4 Bxg4 25.Rd3 Rd8 26.Nxb6 axb6 27.Rg1 Ne5 28.f3 Nxd3+
29.cxd3 Kf5 30.Rxg4 Ke5 31.Rg6 Rh8 32.Rxb6 Rh7 33.Kc2 Kf4 34.Re6 Kxf3 35.Re4 Rd7
36.a4 Rd6 37.Kb3 Rb6+ 38.Ka3 Rd6 39.a5 b6 40.axb6 Rxb6 41.b4  1-0

[Event "ch-CRO"]
[Site "Kutina CRO"]
[Date "2006.11.14"]
[Round "4"]
[White "Saric,Iv"]
[Black "Bukal,V sr"]
[Result "1-0"]
[WhiteElo "2482"]
[BlackElo "2426"]

1.e4 e6 2.d4 d5 3.Nc3 Bb4 4.e5 Ne7 5.a3 Bxc3+ 6.bxc3 c5 7.Qg4 Kf8 8.Bd2 b6
9.Nh3 Ba6 10.Bxa6 Nxa6 11.Bg5 Qc7 12.Bxe7+ Qxe7 13.Nf4 Nc7 14.O-O g6 15.c4 dxc4
16.Rad1 h5 17.Qf3 Kg7 18.dxc5 bxc5 19.Rd6 Nb5 20.Ra6 Nd4 21.Qe4 c3 22.Rd1 Rad8
23.Rd3 Nb5 24.Rxe6 Rxd3 25.Qxd3 Qg5 26.Rxg6+  1-0

[Event "ch-CRO"]
[Site "Kutina CRO"]
[Date "2006.11.16"]
[Round "6"]
[White "Jovanovic,Zo CRO"]
[Black "Bukal,V sr"]
[Result "1-0"]
[WhiteElo "2539"]
[BlackElo "2426"]

1.e4 e6 2.d4 d5 3.Nc3 Bb4 4.e5 Ne7 5.Bd2 O-O 6.Qg4 c5 7.dxc5 Nbc6 8.O-O-O Ng6
9.f4 f5 10.exf6 Qxf6 11.g3 e5 12.Qf3 e4 13.Qh5 e3 14.Bxe3 Bxc3 15.bxc3 Bf5
16.Kb2 Be4 17.Nf3 Nge7 18.Ng5 Bg6 19.Qh3 Nf5 20.Bf2 h6 21.Nf3 Rfe8 22.Rxd5 Qe6
23.Re5 Nxe5 24.Nxe5 Kh8 25.Nxg6+ Qxg6 26.Bd3 Rf8 27.Re1 Qf7 28.g4 Ne7 29.g5 Ng8
30.gxh6 Nxh6 31.Bd4 Qxf4 32.Rf1 Qd2 33.Be3  1-0

[Event "ch-ESP Abierto"]
[Site "Leon ESP"]
[Date "2006.11.22"]
[Round "1"]
[White "Vehi Bach,V"]
[Black "Varasa Paredes,J"]
[Result "1-0"]
[WhiteElo "2329"]
[BlackElo "1949"]

1.e4 e6 2.d4 d5 3.Nc3 Bb4 4.e5 Qd7 5.a3 Bxc3+ 6.bxc3 b6 7.Qg4 f5 8.Qg3 Ba6
9.Bxa6 Nxa6 10.Ne2 Qf7 11.Qd3 Nb8 12.c4 c6 13.cxd5 cxd5 14.c4 Ne7 15.Bg5 Nbc6
16.Bxe7 Nxe7 17.O-O O-O 18.Rfc1 dxc4 19.Rxc4 Nd5 20.Rac1 Qd7 21.Nc3 Rfd8
22.a4 Nxc3 23.Qxc3 Qd5 24.h4 Kf7 25.h5 Rd7 26.Qe3 Rad8 27.h6 Qe4 28.hxg7 Qxe3
29.fxe3 Kxg7 30.Kf2 f4 31.Rc7 Kg6 32.Rxd7 Rxd7 33.Kf3 fxe3 34.Kxe3 Kf5 35.Rf1+ Kg4
36.Rf6 Re7 37.Ke4 a6 38.d5 exd5+ 39.Kxd5 b5 40.a5 b4 41.Rxa6 b3 42.Rb6 Kf5
43.e6 Ra7 44.a6 Kf6 45.e7+ Kf7 46.Rb8  1-0

[Event "19th Belgrade Trophy"]
[Site "Belgrade SRB"]
[Date "2006.11.27"]
[Round "6"]
[White "Nestorovic,L"]
[Black "Jovanovic,DD"]
[Result "0-1"]
[WhiteElo "2042"]
[BlackElo "2240"]

1.e4 e6 2.d4 d5 3.Nc3 Bb4 4.e5 b6 5.a3 Bf8 6.f4 Ne7 7.Nf3 Qd7 8.Bb5 c6 9.Bd3 Ba6
10.O-O h5 11.a4 Bxd3 12.Qxd3 c5 13.a5 c4 14.Qe2 b5 15.b3 Nf5 16.bxc4 bxc4
17.Nd1 Nc6 18.c3 Be7 19.Ne3 Nxe3 20.Qxe3 g6 21.Ba3 Rb8 22.Qe2 Bxa3 23.Rxa3 Kf8
24.Qa2 Kg7 25.Rb1 Rxb1+ 26.Qxb1 Rb8 27.Qc2 a6 28.Ra2 Qb7 29.Nd2 Qe7 30.Nf1 Rb5
31.Nd2 Qd8 32.g3 Rxa5 33.Rb2 Rb5 34.Rxb5 axb5 35.Qb2 Qa5 36.Nb1 b4 37.cxb4 Nxb4
38.Qc3 Qa4 39.Kg2 Qc2+  0-1

[Event "Polyarniy Krug"]
[Site "Salekhard RUS"]
[Date "2006.12.07"]
[Round "9"]
[White "Musakaev,E"]
[Black "Temirbaev,S"]
[Result "1-0"]
[WhiteElo "2254"]
[BlackElo "2490"]

1.e4 e6 2.d4 d5 3.Nc3 Bb4 4.e5 Qd7 5.a3 Bxc3+ 6.bxc3 b6 7.Qg4 f5 8.Qg3 Ba6
9.Bxa6 Nxa6 10.Ne2 Qf7 11.Nf4 Ne7 12.h4 Nb8 13.h5 h6 14.a4 Nbc6 15.Ba3 O-O
16.Qh4 Rfe8 17.Rh3 Kh7 18.Rg3 Na5 19.Rg6 Ng8 20.g4 Nc4 21.g5 Qd7 22.gxh6 gxh6
23.Qg3 Nxa3 24.Ke2 Qf7 25.Rxa3 c5 26.Ra1 cxd4 27.Rg1 Re7 28.cxd4 Kh8 29.c3 Rae8
30.Kd2 Rc8 31.Qh4 Rec7 32.R1g3 Rc6 33.Qh2 R6c7 34.Qg2 Re7 35.Ke1 Rce8 36.Nxe6 Rxe6
37.Rg7 Qf8 38.Rxg8+ Qxg8 39.Rxg8+ Rxg8 40.Qxd5 Rge8 41.f4  1-0

[Event "Levikov Mem"]
[Site "Lviv UKR"]
[Date "2006.12.09"]
[Round "3"]
[White "Vovk,Y"]
[Black "Leniart,A"]
[Result "1/2-1/2"]
[WhiteElo "2444"]
[BlackElo "2315"]

1.e4 e6 2.d4 d5 3.Nc3 Bb4 4.e5 Ne7 5.Bd2 b6 6.Qg4 O-O 7.Nf3 Ba6 8.Bxa6 Nxa6
9.h4 Nf5 10.h5 h6 11.a3 Bxc3 12.bxc3 c5 13.Qh3 Nb8 14.g4 Ne7 15.g5 Nf5 16.gxh6 gxh6
17.Nh4 Nxh4 18.Qg3+ Kh8 19.Rxh4 Rg8 20.Qf4 Qg5 21.Ke2 Qxf4 22.Rxf4 Rg7 23.c4 Nc6
24.dxc5 bxc5 25.cxd5 exd5 26.Rf6 Nxe5 27.Rxh6+ Kg8 28.Rd6 d4 29.Bh6 Re8 30.Bxg7 Nc4+
31.Kf3 Nxd6 32.Bh6 Kh7 33.Bf4 Nc4 34.Rb1 Nxa3 35.Rb7 Kg7 36.Rc7 Nxc2 37.Rxc5 Ne1+
38.Kg3 Nd3 39.Rd5 Nxf4 40.Kxf4 Re2 41.Rxd4 Rxf2+ 42.Kg4 Rf6 43.Ra4 a6 44.Ra5 Rb6
45.Ra1 Kh6 46.Kf5 Rb5+ 47.Kf6 a5 48.Kxf7 Kxh5 49.Ke6  1/2-1/2

[Event "V Ilijas Subasic Mem"]
[Site "Zenica BIH"]
[Date "2006.12.09"]
[Round "2"]
[White "Stojanovic,Da"]
[Black "Drasko,M"]
[Result "1/2-1/2"]
[WhiteElo "2469"]
[BlackElo "2547"]

1.e4 e6 2.d4 d5 3.Nc3 Bb4 4.e5 Ne7 5.Bd2 c5 6.dxc5 Nbc6 7.Qg4 O-O 8.O-O-O Ng6
9.f4 Bxc5 10.Nf3 Bd7 11.h4 f5 12.Qh3 Rc8 13.h5 Nge7 14.Kb1 a6 15.h6 g6 16.g4 fxg4
17.Qxg4 Nf5 18.Bd3 Nce7 19.Ng5  1/2-1/2

[Event "6th Amplico AIG Life"]
[Site "Warsaw POL"]
[Date "2006.12.16"]
[Round "7"]
[White "Tomczak,J"]
[Black "Kalvaitis,S"]
[Result "1-0"]
[WhiteElo "2420"]
[BlackElo "2199"]

1.e4 e6 2.d4 d5 3.Nc3 Bb4 4.e5 Ne7 5.h4 c5 6.a3 Bxc3+ 7.bxc3 Nbc6 8.h5 h6
9.Qg4 Qc7 10.Bd2 cxd4 11.cxd4 Bd7 12.Nf3 O-O-O 13.Bd3 f6 14.Qxg7 fxe5 15.Nxe5 Rhg8
16.Qf6 Rdf8 17.Qh4 Nxe5 18.Qxe7 Nc6 19.Qh4 e5 20.Bg6 Nxd4 21.O-O Bf5 22.c3 Ne2+
23.Kh1 Bxg6 24.hxg6 Rxg6 25.Qh5 Qc4 26.Qxe5 Ng3+ 27.fxg3 Rxf1+ 28.Rxf1 Qxf1+
29.Kh2 Qf7 30.Bf4 Rf6 31.Qb8+ Kd7 32.Qxb7+ Ke8 33.Qb8+ Kd7 34.Qxa7+ Ke8 35.Qb8+ Ke7
36.Qe5+ Kd7 37.a4 Rf5 38.Qd6+ Ke8 39.Qb8+ Kd7 40.Qb7+ Ke8 41.Qc6+ Kf8 42.Qxh6+ Kg8
43.Qd6 Qh5+ 44.Kg1 Qd1+ 45.Kf2 Qc2+ 46.Kf3 Qd1+ 47.Ke3 Qe1+ 48.Kd4 Qe4+ 49.Kc5 d4+
50.Kc4 dxc3+ 51.Kxc3 Qe1+ 52.Qd2 Qa1+ 53.Kb4 Qb1+ 54.Kc4 Qe4+ 55.Kb3 Qe6+
56.Kb2 Rd5 57.Qc2 Qb6+ 58.Qb3 Qf2+ 59.Kc3 Qd4+ 60.Kc2 Qf2+ 61.Kb1 Qe1+ 62.Ka2 Qf2+
63.Qb2 Qc5 64.Qb8+ Kf7 65.Qc7+ Qxc7 66.Bxc7 Ke6 67.Bf4 Rd1 68.Kb3 Kd5 69.g4 Rd4
70.g3 Rd3+ 71.Kb4 Rd1 72.g5 Rb1+ 73.Kc3 Ra1 74.Kb3 Rb1+ 75.Ka2 Rb6 76.a5 Ra6
77.Bd2 Kc4 78.Ka3 Rd6 79.Bf4 Rd3+ 80.Kb2 Kb5 81.g6 Kxa5 82.g7 Rd8 83.Bc7+  1-0

[Event "6th Amplico AIG Life"]
[Site "Warsaw POL"]
[Date "2006.12.16"]
[Round "8"]
[White "Leniart,A"]
[Black "Gdanski,J"]
[Result "0-1"]
[WhiteElo "2315"]
[BlackElo "2532"]

1.e4 e6 2.d4 d5 3.Nc3 Bb4 4.e5 Ne7 5.Bd2 b6 6.Nce2 Bxd2+ 7.Qxd2 c5 8.c3 Ba6
9.f4 Nbc6 10.Nf3 Bxe2 11.Bxe2 c4 12.O-O b5 13.Bd1 a5 14.h3 h5 15.Nh4 g6 16.Nf3 Nf5
17.Ng5 h4 18.Bc2 Nce7 19.Nf3 Qb6 20.Nh2 Kf8 21.Ng4 Kg7 22.Kh2 b4 23.Nf6 Ra7
24.a3 Ng3 25.Rfe1 bxc3 26.bxc3 Rb7 27.Reb1 Qxb1 28.Rxb1 Rxb1 29.Qf2 Rh1+  0-1

[Event "44th National A ch-IND"]
[Site "Atul IND"]
[Date "2006.12.20"]
[Round "4"]
[White "Sinha,Sud"]
[Black "Kamble,V"]
[Result "1/2-1/2"]
[WhiteElo "2182"]
[BlackElo "2346"]

1.e4 e6 2.d4 d5 3.Nc3 Bb4 4.e5 Qd7 5.a3 Bf8 6.f4 b6 7.Nf3 Ne7 8.Be3 Nf5 9.Bf2 h5
10.Nh4 Bb7 11.Nxf5 exf5 12.Qd2 Be7 13.Be2 Nc6 14.O-O Nd8 15.Bd3 a6 16.Nd1 g6
17.Rc1 Ne6 18.c4 dxc4 19.Bxc4 Rd8 20.Bxe6 fxe6 21.Qc3 Rc8 22.Qb3 h4 23.h3 Qd5
24.Qxd5 Bxd5 25.Be3 Rg8 26.Nc3 Bb7 27.Ne2 Kd7 28.Kh2 Rg7 29.Rc2 Be4 30.Rd2 a5
31.Nc3 Bd5 32.Nxd5 exd5 33.Rc1 Rgg8 34.Rdc2 c6 35.a4 Rc7 36.b3 Rgc8 37.Rd1 Ke6
38.Rcd2 Rd7 39.Rc2 Rdc7  1/2-1/2

[Event "44th National A ch-IND"]
[Site "Atul IND"]
[Date "2006.12.22"]
[Round "6"]
[White "Sinha,Sud"]
[Black "Girinath,P"]
[Result "0-1"]
[WhiteElo "2182"]
[BlackElo "2344"]

1.e4 e6 2.d4 d5 3.Nc3 Bb4 4.e5 Qd7 5.a3 Bxc3+ 6.bxc3 b6 7.Nf3 Ne7 8.Bd3 Ba6
9.O-O Bxd3 10.Qxd3 Nbc6 11.a4 Na5 12.Nd2 O-O 13.f4 c5 14.dxc5 Qc7 15.Ba3 bxc5
16.Qe3 Rac8 17.Qf2 f6 18.exf6 Rxf6 19.Qe2 Nf5 20.Rab1 Nd6 21.Qa6 Rcf8 22.g3 Rh6
23.Qe2 Nac4 24.Ra1 Nxd2 25.Qxd2 Qa5 26.Qe3 Rc8 27.Qd3 a6 28.Rfe1 Nc4 29.Rxe6 Rxe6
30.Qxd5 Re8 31.Qxc4 Kh8 32.Rf1 Re4 33.Qxc5 Qxa4 34.f5 Qc4 35.Qxc4 Rxc4 36.f6 gxf6
37.Rxf6 Ra4 38.Bc5 Re2 39.Bf2 Kg7 40.Rf3 Rxc2 41.h4 a5 42.Bd4+ Kg6 43.Rf6+ Kh5
44.Bf2 Raa2 45.c4 a4 46.c5 Kg4 47.Kg2 Rxc5 48.Rf4+ Kh5 49.Rf6 Rc4 50.Kh3 Ra3
51.Kg2 Rb3 52.Ra6 a3 53.Kh2 Kg4 54.Kg2 Kf5 55.Kh3 h5 56.Ra5+ Ke4 57.Bc5 Rcc3
58.Bd6 Rd3 59.Bf4 Rd1 60.Bh6 Rb2 61.Rxh5 a2 62.Ra5 a1=Q 63.Rxa1 Rxa1 64.Bg7 Kf3  0-1